Lectura y creación

Uloženo v:
Podrobná bibliografie
Hlavní autor: Hartman, Geoffrey H (Autor)
Médium: Kniha
Jazyk:španělština
Vydáno: Madrid Tecnos 1992
Edice:Colección Metropolis
Témata:
Tagy: Přidat tag
Žádné tagy, Buďte první, kdo vytvoří štítek k tomuto záznamu!

MARC

LEADER 00000nam a2200000 a 4500
001 UCW0333
003 CL-VaPUC
008 930608e19920000SP |||||||||||||||||spa|d
082 0 4 |a 801.95  |b HAR  |2 21 
100 0 |a Hartman, Geoffrey H  |e author  |9 304267 
245 1 0 |a Lectura y creación 
300 |a 269 p 
942 |c BK 
945 |d 19930608 00:00:00 
260 |a Madrid  |b Tecnos  |c 1992 
650 0 |a Crítica literaria   |9 269189 
583 |a last modification  |c 19930608 00:00:00  |k Rodrigo Vera 
490 0 |a Colección Metropolis 
999 |c 215539  |d 215537 
952 |0 0  |1 0  |4 0  |6 801_950000000000000_HAR_1992  |7 0  |8 A  |9 199883  |a BIBART  |b BIBART  |d 2019-11-14  |i 2671638  |o 801.95 HAR 1992  |p 2671638  |r 2025-03-13  |w 2019-11-14  |y BK  |k ART